LIBRARY ONLINE CATALOGUE

Financial accounting : (Record no. 5881)

MARC details
000 -LEADER
fixed length control field 00806cam a22002412 4500
001 - CONTROL NUMBER
control field 0000002489
003 - CONTROL NUMBER IDENTIFIER
control field OSt
005 - DATE AND TIME OF LATEST TRANSACTION
control field 20180309120630.0
008 - FIXED-LENGTH DATA ELEMENTS--GENERAL INFORMATION
fixed length control field 070411s xx 000 0 eng d
020 ## - INTERNATIONAL STANDARD BOOK NUMBER
International Standard Book Number 812192099X :
Terms of availability KES 590
040 ## - CATALOGING SOURCE
Original cataloging agency KABU
Transcribing agency KABU
050 #0 - LIBRARY OF CONGRESS CALL NUMBER
Classification number HF5635
Item number .C43 2002
100 1# - MAIN ENTRY--PERSONAL NAME
Personal name Charumati, B.
245 10 - TITLE STATEMENT
Title Financial accounting :
Remainder of title (for B. Com., B.B.M. of all Indian universities and also covering the professional courses like I.C.W.A. & A.C.S.) /
Statement of responsibility, etc. B. Charumati and N. Vinayakam.
260 ## - PUBLICATION, DISTRIBUTION, ETC. (IMPRINT)
Place of publication, distribution, etc. New Delhi :
Name of publisher, distributor, etc. S. Chand & Company,
Date of publication, distribution, etc. c2002.
300 ## - PHYSICAL DESCRIPTION
Extent xii, 764 p. ;
Dimensions 24 cm.
650 #0 - SUBJECT ADDED ENTRY--TOPICAL TERM
Topical term or geographic name as entry element Accounting.
700 1# - ADDED ENTRY--PERSONAL NAME
Personal name Vinayakam, N.
908 ## - PUT COMMAND PARAMETER (RLIN)
Put command parameter 070411
942 ## - ADDED ENTRY ELEMENTS (KOHA)
Source of classification or shelving scheme Library of Congress Classification
Koha item type General Collection
Holdings
Withdrawn status Lost status Source of classification or shelving scheme Not for loan Home library Current library Date acquired Total Checkouts Full call number Barcode Date last seen Copy number Price effective from Koha item type Shelving location Cost, normal purchase price Total Renewals Date last checked out Damaged status
    Library of Congress Classification   Kabarak, Main Campus Kabarak, Main Campus 17/12/2015   HF5635 .C43 2002 c. 1 010569 02/08/2024 c. 1 17/12/2015 General Collection          
    Library of Congress Classification   Kabarak, Main Campus Kabarak, Main Campus 17/12/2015   HF5635 .C43 2002 c. 2   17/12/2015 c. 2 17/12/2015 General Collection          
    Library of Congress Classification   Kabarak, Main Campus Kabarak, Main Campus 08/02/2018 27 HF5635 .C43 2002 c.4 024256 13/02/2025 c.4 08/02/2018 General Collection General Stacks 10090.00 3 12/02/2025  
    Library of Congress Classification   Kabarak, Main Campus Kabarak, Main Campus 08/02/2018 11 HF5635 .C43 2002 c.3 024247 08/11/2019 c.3 08/02/2018   General Stacks 10090.00 2 08/11/2019  
    Library of Congress Classification   Kabarak, Main Campus Kabarak, Main Campus 22/02/2018 11 HF5635 .C43 2002 c.3 032729 02/08/2024 c.3 22/02/2018 General Collection General Stacks 1680.00 1 14/02/2023  
  Lost Library of Congress Classification   Kabarak, Nakuru City Campus Kabarak, Main Campus 09/03/2018 3 HF5635 .C43 2002 c.4 024533 29/01/2020 c.4 09/03/2018 General Collection   1680.00   29/01/2020  
    Library of Congress Classification   Kabarak, Nakuru City Campus Kabarak, Nakuru City Campus 08/02/2018 4 HF5635 .C43 2002 c.2 024255 02/03/2022 c.2 08/02/2018 General Collection   10090.00 2 03/02/2022  
    Library of Congress Classification   Kabarak, Nakuru City Campus Kabarak, Nakuru City Campus 08/02/2018 5 HF5635 .C43 2002 c.1 024251 19/04/2022 c.1 08/02/2018 General Collection   10090.00   02/04/2022  
    Library of Congress Classification   Kabarak, Nakuru City Campus Kabarak, Nakuru City Campus 08/02/2018 1 HF5635 .C43 2002 c. 3 024542 04/03/2020 c. 3 08/02/2018 General Collection   10090.00   04/03/2020